| 000 | 01099nam0a22002651 4500 | ||
|---|---|---|---|
| 001 | rc\2813468 | ||
| 005 | 20250810052326.0 | ||
| 035 | _a(NLR Aleph) 006939270 | ||
| 090 |
_a7627378 _c7627378 |
||
| 100 | _a20110915d1945 u y0rusy50 ca | ||
| 101 | 0 | _arus | |
| 102 | _aRU | ||
| 105 | _ay z ||||| | ||
| 200 | 1 |
_aОтопление паровозов тощими углями _fБ. Баркин _gУпр. и ДорНИТО Сев.-Кав. ж. д. |
|
| 210 |
_aРостов-на-Дону _cРостиздат _d1945 _gтип. им. Калинина |
||
| 215 |
_a16 с. _d14 см. |
||
| 300 | _aМатериал брошюры обработали: член ДорНИТО, канд. техн. наук, доц. РИИЖТа Д. Э. Карминский и ст. инж.-теплотехник паровоз. службы А. В. Чепелев | ||
| 700 | 1 |
_aБаркин _bБ. |
|
| 801 | 0 |
_aRU _bNLR _gpsbo |
|
| 801 | 1 |
_aRU _bELAR _2rusmarc |
|
| 852 |
_aNLR _jТ14 Г-2/167 |
||
| 942 | _cBOOK | ||
| 945 | _aРоссийская национальная библиотека | ||
| 980 | _aNB | ||
| 980 | _aBV | ||